Score 0/20 Timer 08:00
3 Plays Today
% Correct
Correct! A is Home Alone
88.6%
Correct! B is Monty Python and the Holy Grail
86.4%
Correct! A is Fantastic Mr. Fox
82.3%
Correct! B is The Hateful Eight
76.7%
Correct! D is Spy
66.8%
Correct! D is War Games
64.1%
Correct! B is Bonnie and Clyde
57.9%
Correct! B is Superman III
57.2%
Correct! B is My Dinner with Andre
54.2%
Correct! C is Rob Roy
47.7%
% Correct
Correct! C is Breakfast at Tiffany's
45%
Correct! A is Apocalypse Now
43.3%
Correct! A is House of Flying Daggers
39%
Correct! A is Skyfall
37.6%
Correct! B is The Sting
36.8%
Correct! C is Les Diaboliques
36.7%
Correct! A is Mad Max: Beyond Thunderdome
36%
Correct! C is Pirates of the Caribbean: At World's End
32.8%
Correct! C is Snowpiercer
32.3%
Correct! A is This Gun for Hire
31.6%
Remove Ads.
Support Sporcle.
Get the best of Sporcle when you Go Orange. This ad-free experience offers more features, more stats, and more fun while also helping to support Sporcle. Thank you for becoming a member.

You're not logged in!

Compare scores with friends on all Sporcle quizzes.
OR
Log In

Show Comments

Extras

Top Quizzes Today


Score Distribution

Your Account Isn't Verified!

In order to create a playlist on Sporcle, you need to verify the email address you used during registration. Go to your Sporcle Settings to finish the process.

Report this User

Report this user for behavior that violates our Community Guidelines.

Details: